Pedanías de la provincia de Valencia - Estadísticas

Estadísticas generales
  • Esta prueba ha sido intentada 50 veces
  • La puntuación promedio es 14 de 77
Estadísticas de respuestas
Municipio Pedanía % Correcto
Sueca El Perelló
74%
Requena San Antonio
55%
Cullera San Antonio de la Mar
55%
Valencia El Palmar
53%
Valencia El Perellonet
53%
Valencia La Torre
53%
Valencia Carpesa
50%
Valencia Borbotó
45%
Valencia Pinedo
45%
Valencia Benimámet
42%
Valencia Benifaraig
39%
Valencia Poblenou
39%
Meliana Roca
39%
Valencia Horno de Alcedo
37%
Valencia Casas de Bárcena
34%
Valencia Mahuella, Tauladella, Rafalell y Vistabella
34%
Sueca Mareny de Barraquetes
34%
L'Alcúdia Montortal
34%
Requena Roma
34%
Valencia Beniferri
29%
Valencia Masarrojos
29%
Requena Campo Arcís
26%
Alpuente Campo de Abajo
26%
Alpuente Campo de Arriba
26%
Valencia El Rebollar
24%
Sagunto Puerto de Sagunto
24%
Sollana Romaní
24%
Canals Ayacor
21%
Gandía Beniopa
21%
Paterna La Cañada
21%
Requena San Juan
21%
Xàtiva Sorió
16%
Genovés Alboy
13%
Requena El Pontón
13%
Requena Hortunas
13%
Requena Los Pedrones
13%
Andilla Artaj
11%
Foios Cúiper
11%
Requena La Portera
11%
Requena Los Ruices
11%
Rafelguaraf Tossalnou
11%
Requena Barrio Arroyo
8%
Requena Casas de Eufemia
8%
Requena Casas del Río
8%
Requena El Azagador
8%
Requena El Derramador
8%
Alfafar El Tremolar
8%
Valencia Faitanar
8%
Gandía Grao de Gandía
8%
Utiel Los Corrales
8%
Paterna Terramelar
8%
Xàtiva Torre de Lloris
8%
Alpuente Baldovar
5%
Requena Calderón
5%
Siete Aguas El Reatillo
5%
Requena Los Cojos
5%
Requena Los Duques
5%
Requena Los Isidros
5%
Gandía Marchuquera
5%
Cortes de Pallás Venta Gaeta
5%
Chelva Villar de Tejas
5%
Xàtiva Anahuir
3%
Requena Casas de Cuadra
3%
Requena Casas de Sotos
3%
Carcaixent Les Barraques
3%
Torrent Masía del Juez
3%
Requena Penén de Albosa
3%
Requena Villar de Olmos
3%
Gandía Alquería de los Frailes
0%
Chelva Bercuta
0%
Turís Cañada Fuente del Pavo
0%
Alpuente Corcolilla
0%
Turís Cortichelles
0%
Alpuente/La Yesa La Cuevarruz
0%
Alberic Monte Júcar
0%
Benagéber Pantano de Benagéber
0%
Venta del Moro Tamayo
0%
No se encontraron pruebas coincidentes
Distribución de puntuación
Porcentaje de gente con cada puntuación
Porcentaje por número respondido
Historial de tus puntuaciones
No has intentado esta prueba.